000 00292nam a22001217a 4500
082 _a920
_bSHR/S
100 _aSHREEDHARAN, PALLIYARA
245 _aSOME GREAT MATHEMATICIANS OF THE WORLD
260 _aCALICUT
_bST.JUDE BOOKS
300 _a232
650 _aMATHEMATICIANS
_zCALICUT
942 _cBK
999 _c6755
_d6755